Marketing fundamental

Salvato in:
Dettagli Bibliografici
Autori principali: Martín Dávila, Miguel (autor), Manera Bassa, Jaime (Autore), Pérez del Campo, Enrique (Autore)
Natura: Libro
Lingua:spagnolo
Pubblicazione: Madrid McGraw-Hill 1998
Edizione:1a. ed
Soggetti:
Tags: Aggiungi Tag
Nessun Tag, puoi essere il primo ad aggiungerne!!

MARC

LEADER 00000cam a2200000 a 4500
001 UCD9096
003 CL-VaPUC
008 170602e19980000sp |||||||||||||||||spa|d
020 |a 8448111400 
082 0 4 |a 658.8  |b MAR  |2 21 
100 |a Martín Dávila, Miguel  |e autor  |9 592773 
700 0 |a Manera Bassa, Jaime  |e author  |9 592774 
700 0 |a Pérez del Campo, Enrique  |e author  |9 592775 
245 1 0 |a Marketing fundamental 
250 |a 1a. ed 
300 |a 396 p 
942 |c BK 
945 |d 20170602 23:29:00  |a arojas 
260 |a Madrid  |b McGraw-Hill  |c 1998 
650 0 |a Marketing  |9 259324 
650 0 |a Gestión de marketing  |9 496779 
583 |a last modification  |c 20170602 23:29:00  |k Rodrigo Vera 
999 |c 368380  |d 368378